000 00622 a2200169 4500
999 _c1592
_d1592
020 _a0908307888
050 _aHD8776.5 LAB 2001
100 _aBeckman, Bjorn
_eeditor
245 _aLabour Regimes and Liberalization:
_bThe restructuring of state-society relations in Africa
_cSachikonye, Lloyd M.
264 _aHarare
_bUniversity of Zimbabwe Publications
_c2001
300 _a190p. :
_bill.
500 _aIncludes bibliographical references and index
650 _aLabor policy
_xStructural adjustment (Economic policy)
651 _aAfrica
700 _aSachikonye, Lloyd M.
_eeditor
942 _2lcc
_cBK
_h8776.5
_iLAB
_kHD